Statistics for Baldi's Basics Quiz

Click here to take the quiz!

General Stats

  • This quiz has been taken 73 times
  • The average score is 5 of 7

Answer Stats

HintAnswer% Correct
Number of notebooks needed7
100%
Irritating girl who makes you jump ropePlaytime
96%
No running in the hallsPrincipal of the Thing
70%
I will hug you for all eternity1st Prize
68%
Basically a broomGotta Sweep
64%
Use this to escape said girl aboveSafety Scissors
50%
Silences doorsWD-NoSquee
32%

Score Distribution

Percentile by Number Answered

Percent of People with Each Score

Your Score History

You have not taken this quiz